Países que mais lêem - Statistics

Estatísticas Gerais
  • Esse quiz foi jogado 81 vezes
  • A pontuação média é 5 de 10
Estatísticas das Respostas
Hint Resposta % Correto
3. China
93%
8. França
80%
2. Índia
76%
7. Suécia
68%
1. Tailândia
38%
5. Egito
34%
9. Hungria
30%
6. República Checa
30%
10. Arábia Saudita
28%
4. Filipinas
27%
Nenhum quiz correspondente encontrado
Distribuição das Pontuações
Porcentagem de Pessoas com Cada Pontuação
Percentil de Números Respondidos
Sua Pontuação Histórica
Você não jogou esse quiz